LEADER 01425nam a2200313 4500 001 000000340700 003 CaOOAMICUS 005 20211223152105.0 008 200622s2018 it 000 u ita r 020 $a978-88-938145-0-8 040 $aSeMil$bita 100 1 $aRowling, J. K.,$d<1965- >.$0(OLS)http://semarc/name/48078 240 10$aHarry Potter.$0(OLS)http://semarc/title/438477 245 10$aHarry Potter e la pietra filosofale /$cJ. K. Rowling ; edizione a cura di Stefano Bartezzaghi ; traduzione di Marina Astrologo. 250 $a3. rist 264 3$aMilano :$bSalani,$c2018. 300 $a300 p. ;$c21 cm 500 $aIn cop.: 20 anni di magia, Harry Potter 500 $aSul dorso: 1. anno 700 1 $aBartezzaghi, Stefano,$d<1962- >.$0(OLS)http://semarc/name/82442 700 1 $aAstrologo, Marina.$0(OLS)http://semarc/name/47562 765 0 $aRowling, J. K. <1965- >$tHarry Potter and the philosopher's stone.$dLondon [etc.] : Bloomsbury, 2010.$z978-1-4088-1054-5$w()340627 850 $aSeMil 852 $aSeMil$W1$xVenegono$y1$m1V II 371$j221305$B231770$CSeMilBibl$Z2$F231770 $81 961 $aBrambilla don Paolo - Omaggio 996 $6020$a978-88-938145-0-8$9(OLS)http://semarc/number/290600 996 $6245$aHarry Potter e la pietra filosofale$9(OLS)http://semarc/title/429765 996 $6264$aMilano :$bSalani$9(OLS)http://semarc/publisher/38155 LEADER 01142nam a2200193 i 4500 001 000000221849 003 CaOOAMICUS 005 20130814000000.0 008 130814s1861 xx u000 u fre u 013 $a200746 040 $aSeMil$bita 245 10$aDictionnaire des sciences occultes, savoir, de aeromancie, alchimie, alectryomancie, aleuromancie, ..., ou Repertoire universel, des etres, des personnages, des livres, des faits et des choses qui tiennent ... 1. 300 $a1072 col. 773 0 $aMigne, Jacques-Paul <1800-1875>$tEncyclopédie théologique, ou Série de dictionnaires sur toutes les parties de la science religieuse ..$dPetit-Montrouge : S'imprime et se vende chez J.-P. Migne, 1851.$g48$w()11876 850 $aSeMil 852 $aSeMil$W1$xVenegono$y1$m2S V 48 FA$j172198$B172198$CSeMilBibl$Z2$F182754 $8I 941 1 $a10 961 $aRecupero: Mantegazza 996 $6245$aDictionnaire des sciences occultes, savoir, de aeromancie, alchimie, alectryomancie, aleuromancie, ..., ou Repertoire universel, des etres, des personnages, des livres, des faits et des choses qui tiennent ... 1$9(OLS)http://semarc/title/318048 LEADER 01231nam a2200205 i 4500 001 000000031343 003 CaOOAMICUS 005 20180830125449.0 008 180830s1853 it u000 u ita u 040 $aSeMil$bita 100 1 $aAlbèri, Eugenio,$d<1807-1878>.$0(OLS)http://semarc/name/20099 245 13$aLe relazioni degli ambasciatori veneti al senato durante il secolo decimosesto /$cedite dal cav. Eugenio Albèri. 260 $aFirenze :$bSocietà Editrice Fiorentina,$c1853. 300 $av. ;$c22 cm. 500 $aNell'occhietto: La collezione si divide in tre serie: la 1. comprende le Relazioni degli stati europei, tranne l'Italia; la 2. le Relazioni d'Italia; la 3. le Relazioni degli stati ottomani. 773 0 $aAlbèri, Eugenio <1807-1878>$tItalia nel secolo decimosesto, ossia Le relazioni degli ambasciatori veneti presso gli stati italiani nel 16. secolo.$dFirenze : Società Editrice Fiorentina, 1858-1863.$w()4858 774 0 $tSerie 1. Volume 5.$g1$w()256993 774 0 $tAppendice.$w()256994 996 $6245$aLe relazioni degli ambasciatori veneti al senato durante il secolo decimosesto$9(OLS)http://semarc/title/401997 996 $6260$aFirenze :$bSocietà Editrice Fiorentina$9(OLS)http://semarc/publisher/32004 LEADER 00938nam a2200205 i 4500 001 000000201114 003 CaOOAMICUS 005 20110531000000.0 008 110531s1792 it u000 u ita u 013 $a179815 026 $atate i-ol I.r- Gu(a (3) 1792 (R) 040 $aSeMil$bita 245 10$aVolume primo. 250 $aEdizione seconda. 300 $a423, [1] p., [1] carta di tav. :$bantip. calcogr. ;$c4°. 500 $aIl v. dell'ultima c. è bianca. - Segn. : a3g4. - La prima edizione, stampata a Ferrara nel 1777, era costituita da un solo vol. 773 0 $aBarotti, Lorenzo$tMemorie istoriche di letterati ferraresi. Opera postuma di Giannandrea Barotti. Volume primo [-secondo].$dIn Ferrara : Per gli eredi di Giuseppe Rinaldi, 1792-1793.$g1$w()25057 850 $aSeMil 852 $aSeMil$W1$xVenegono$y1$m1E VII 14 FA$j151643$B151643$CSeMilBibl$Z2$F164234 $8I 996 $6245$aVolume primo$9(OLS)http://semarc/title/17661 LEADER 00608naa a2200145 i 4500 001 000000297303 003 CaOOAMICUS 005 20180831172602.0 008 180831n xx u000 u und u 013 $a4830 040 $aSeMil$bita 100 1 $aMargaritti, Antonio <1932-2007>.$0(OLS)http://semarc/name/39147 245 10$aPrimato della formazione e questione antropologica. 773 0 $aAmbrosio, Gianni $tPrimato della formazione.$dMilano : Glossa, copyr. 1997.$kDisputatio $z88-7105-077-0$w()58727 996 $6245$aPrimato della formazione e questione antropologica$9(OLS)http://semarc/title/373338